Baseball Pitches - Sudden Death - Statistics

General Stats
  • This quiz has been taken 3,129 times
    2,527 since last reset
  • The average score is 10 of 14
Answers on the Grid
Answers color-coded by a green-red scale on the quiz's grid according to % correct below.
Boomer
Chainer
Changeup
Curveball
Cutter
Deca-Seam Fastball
Eephus
Fast-knuckle
Forkball
Four-Seam Fastball
Knocker
Knuckle-curve
Knuckleball
Pickleball
Pusher
Screwball
Shankball
Sinker
Slider
Slumper
Slurve
Splitter
Stinker
Sweeper
 
Answer Stats
Answer % Correct
Curveball
92%
Changeup
84%
Knuckleball
79%
Slider
77%
Cutter
75%
Splitter
74%
Sinker
73%
Screwball
72%
Four-Seam Fastball
71%
Knuckle-curve
67%
Forkball
60%
Slurve
57%
Sweeper
57%
Eephus
46%
No matching quizzes found
Score Distribution
Percent of People with Each Score
Percentile by Number Answered
Your Score History
You have not taken this quiz since the last reset